Top 100 Los Angeles Chargers of All Time - Statistics

General Stats
  • This quiz has been taken 24 times
  • The average score is 20 of 100
Answer Stats
Position Player % Correct
QB Philip Rivers
100%
RB LaDainian Tomlinson
91%
TE Antonio Gates
86%
LB Chuck Allen
77%
QB Dan Fouts
77%
LB Junior Seau
77%
WR Keenan Allen
73%
TE Kellen Winslow
68%
DT Jamal Williams
64%
DE Lee Williams
64%
CB Mike Williams
64%
DT Gary "Big Hands" Johnson
59%
WR Lance Alworth
59%
DE Raylee Johnson
59%
LB Billy Ray Smith
55%
WR Vincent Jackson
55%
QB Drew Brees
45%
QB Stan Humphries
45%
TE Freddie Jones
41%
DE Leroy Jones
41%
CB Dick Harris
36%
DE Joey Bosa
36%
QB John Hadl
36%
WR John Jefferson
36%
WR Charlie Joiner
32%
RB/ST Lionel James
32%
S Rodney Harrison
32%
G Ed White
27%
RB Gary Anderson
23%
RB Natrone Means
23%
OT Ron Mix
23%
WR Wes Chandler
23%
RB Chuck Muncie
18%
DE Leslie O'Neal
18%
FB Lorenzo Neal
18%
RB Melvin Gordon
18%
WR Gary Garrison
14%
DB Gill Byrd
14%
DE Melvin Ingram
14%
OT Russ Washington
14%
G Walt Sweeney
14%
WR Anthony Miller
9%
OL Broderick Thompson
9%
RB Darren Sproles
9%
C Don Macek
9%
S Eric Weddle
9%
RB James Brooks
9%
RB Marion Butts
9%
RB Paul Lowe
9%
CB Quentin Jammer
9%
RB Ryan Matthews
9%
LB Shaun Phillips
9%
LB Shawne Merriman
9%
DT Shawn Lee
9%
WR Tony Martin
9%
LB Woodrow Lowe
9%
CB Antonio Cromartie
5%
OT Billy Shields
5%
CB Casey Hayward
5%
P Darren Bennett
5%
C Doug Wilkerson
5%
OT Ernie Wright
5%
DE Fred Dean
5%
LB Gary Plummer
5%
K John Carney
5%
FB Keith Lincoln
5%
DB Kenny Graham
5%
CB Leslie "Speedy" Duncan
5%
P Mike Scifres
5%
RB Ronnie Harmon
5%
DT Corey Liuget
0%
C Courtney Hall
0%
RB Danny Woodhead
0%
LS David Binn
0%
RB Dickie Post
0%
WR Don Norton
0%
RB Don Woods
0%
DE Earl Faison
0%
LB Emil Karas
0%
DT Ernie Ladd
0%
LB Frank Buncom
0%
RB Hank Bauer
0%
TE Jacque MacKinnon
0%
OL Jeromey Clary
0%
DB Joe Beauchamp
0%
DE John Parrella
0%
ST Kassim Osgood
0%
G Kris Dielman
0%
DT Louie Kelcher
0%
DE Luis Castillo
0%
WR Malcom Floyd
0%
OT Marcus McNeill
0%
S Mike Fuller
0%
C Nick Hardwick
0%
LB Rick Redman
0%
K Rolf Benirschke
0%
C Sam Gruneisen
0%
RB Terrell Fletcher
0%
OT Terry Owens
0%
DB Willie Buchanon
0%
No matching quizzes found
Score Distribution
Percent of People with Each Score
Percentile by Number Answered
Your Score History
You have not taken this quiz